Analysis III / (Record no. 8062)

MARC details
000 -LEADER
fixed length control field 01226cam a22003377a 4500
001 - CONTROL NUMBER
control field 15484915
003 - CONTROL NUMBER IDENTIFIER
control field NG-AbAUS
005 - DATE AND TIME OF LATEST TRANSACTION
control field 20230319005614.0
008 - FIXED-LENGTH DATA ELEMENTS--GENERAL INFORMATION
fixed length control field 081015s2009 sz a b 001 0 eng d
010 ## -
-- 2008939525
020 ## - INTERNATIONAL STANDARD BOOK NUMBER
International Standard Book Number 9783764374792 (pbk.)
020 ## - INTERNATIONAL STANDARD BOOK NUMBER
International Standard Book Number 3764374799 (pbk.)
035 ## -
-- (OCoLC)ocn262720666
040 ## - CATALOGING SOURCE
Original cataloging agency UKM
Transcribing agency UKM
Modifying agency BWX
-- C#P
-- GBVCP
-- DLC
041 1# -
-- eng
-- ger
042 ## -
-- lccopycat
050 00 -
-- QA300
-- .A48813 2009
100 1# - MAIN ENTRY--PERSONAL NAME
Personal name Amann, H.
Fuller form of name (Herbert),
Dates associated with a name 1938-
9 (RLIN) 4
240 10 -
-- Analysis III.
-- English
245 10 - TITLE STATEMENT
Title Analysis III /
Statement of responsibility, etc Herbert Amann, Joachim Escher ; translated from the German by Silvio Levy and Matthew Cargo.
246 3# -
-- Analysis 3
246 3# -
-- Analysis three
260 ## - PUBLICATION, DISTRIBUTION, ETC. (IMPRINT)
Place of publication, distribution, etc Basel ;
-- Boston :
Name of publisher, distributor, etc Birkhäuser,
Date of publication, distribution, etc c2009.
300 ## - PHYSICAL DESCRIPTION
Extent xii, 468 p. :
Other physical details ill. ;
Dimensions 24 cm.
504 ## -
-- Includes bibliographical references (p. [457]-458) and index.
650 #0 -
-- Mathematical analysis.
-- 5
700 1# -
-- Escher, Joachim,
-- 1962-
-- 6
906 ## -
-- 7
-- cbc
-- copycat
-- 2
-- ncip
-- 20
-- y-gencatlg
942 ## - ADDED ENTRY ELEMENTS (KOHA)
Source of classification or shelving scheme
Item type Book
Classification part QA300.A48813 2009
Call number prefix QA300
Call number suffix .A48813 2009
955 ## -
-- xh15 2010-11-01 z-processor
-- xh16 2011-01-25 to Subject
-- xh04 2011-02-08 (rev.) to DEWEY

No items available.